Traité encyclopédique de photographie / (Record no. 53549)

MARC details
000 -LEADER
campo de control de longitud fija 00906nam a22002175i 4500
001 - NÚMERO DE CONTROL
campo de control 53549
003 - IDENTIFICADOR DE NÚMERO DE CONTROL
campo de control ES-MaACL
005 - FECHA Y HORA DE LA ÚLTIMA TRANSACCIÓN
campo de control 20250728042309.0
007 - CAMPO FIJO DE DESCRIPCIÓN FÍSICA--INFORMACIÓN GENERAL
campo de control de longitud fija t|
008 - DATOS DE LONGITUD FIJA--INFORMACIÓN GENERAL
campo de control de longitud fija 960701m18891906fr a ||||1| fre d
040 ## - FUENTE DE CATALOGACIÓN
Centro catalogador/agencia de origen CAM
Lengua de catalogación spa
Centro/agencia transcriptor CAM
100 1# - ENTRADA PRINCIPAL--NOMBRE DE PERSONA
Nombre de persona Fabre, Charles.
9 (RLIN) 48530
245 10 - MENCIÓN DEL TÍTULO
Título Traité encyclopédique de photographie /
Mención de responsabilidad, etc. par Charles Fabre.
260 ## - PUBLICACIÓN, DISTRIBUCIÓN, ETC.
Lugar de publicación, distribución, etc. Paris :
Nombre del editor, distribuidor, etc. Gauthier-Villard & fils imprimeurs-éditeurs,
Fecha de publicación, distribución, etc. 1889-1906 (
Lugar de fabricación/manufactura Toulouse :
Fabricante imp. Douladoure-Privat)
300 ## - DESCRIPCIÓN FÍSICA
Extensión 8 v. :
Otras características físicas il. ;
Dimensiones 26 cm.
505 8# - NOTA DE CONTENIDO CON FORMATO
Nota de contenido con formato Contiene: T. I: Matériel Photographique -- T. II: Phototypes Négatifs -- T. III: Phototypes Positifs-Photocopies, Photocalques-Phototirages -- T. IV: Agrabdissements Aplications de la Photographie --T. V:-VIII Supléments
597 ## - NOTA DE DESCRIPCIÓN FÍSICA
NOTA DE DESCRIPCIÓN FÍSICA 4 v. y 4 v. de suplemento.
650 #7 - PUNTO DE ACCESO ADICIONAL DE MATERIA--TÉRMINO DE MATERIA
Término de materia o nombre geográfico como elemento de entrada Fotografía-
Subdivisión general Técnica
Fuente del encabezamiento o término
9 (RLIN) 150981
852 ## - LOCALIZACIÓN
Ubicación ES-MaACL
Número de control de estantería G-14753-60
Holdings
Estatus retirado Estado de pérdida Estado de daño No para préstamo Colección Biblioteca de origen Biblioteca actual Ubicación en estantería Fecha de adquisición Fuente de adquisición Total de préstamos Signatura topográfica completa Código de barras Visto por última vez Precio de reemplazo Tipo de ítem Koha
        Libros del s. XIX Biblioteca del Ateneo de Madrid Biblioteca del Ateneo de Madrid Sala Pecera Planta 3 17/01/2008     G-14753-60 1056270 23/02/2023 23/02/2023 Libro impreso antiguo